| 000 | 00359cam a2200145ua 4500 | ||
|---|---|---|---|
| 041 |
_ahin _h |
||
| 082 |
_a891.54 _bDEV/MA |
||
| 100 | _aDevvart shastri, . | ||
| 245 |
_aMahanvibution / _cDevrat sasthri. _hTextual Documents |
||
| 260 |
_aDelhi : _bIndian book Company , _c1951. |
||
| 300 | _a13299 ; . | ||
| 504 | _a | ||
| 942 | _cBK | ||
| 999 |
_c11939 _d11939 |
||